| 000 -LEADER |
| fixed length control field |
01125cam a2200349 i 4500 |
| 001 - CONTROL NUMBER |
| control field |
020540899 |
| 003 - CONTROL NUMBER IDENTIFIER |
| control field |
UkOxU |
| 005 - DATE AND TIME OF LATEST TRANSACTION |
| control field |
20220804085821.0 |
| 008 - FIXED-LENGTH DATA ELEMENTS--GENERAL INFORMATION |
| fixed length control field |
160329t20161976enk 000 f eng d |
| 020 ## - INTERNATIONAL STANDARD BOOK NUMBER |
| International Standard Book Number |
9781784870980 |
| Qualifying information |
paperback |
| 035 ## - SYSTEM CONTROL NUMBER |
| System control number |
(StEdNL)6602164 |
| 035 ## - SYSTEM CONTROL NUMBER |
| System control number |
(UkLoRLUK)706602164 |
| 038 ## - RECORD CONTENT LICENSOR |
| Record content licensor |
UkLoRLUK |
| 040 ## - CATALOGING SOURCE |
| Original cataloging agency |
StEdNL |
| Language of cataloging |
eng |
| Transcribing agency |
StEdNL |
| Modifying agency |
UkOxU |
| -- |
KH8 |
| 049 ## - LOCAL HOLDINGS (OCLC) |
| Local processing data |
c |
| 082 ## - DEWEY DECIMAL CLASSIFICATION NUMBER |
| Classification number |
FIC VON |
| 100 1# - MAIN ENTRY--PERSONAL NAME |
| Personal name |
Vonnegut, Kurt, |
| Relator term |
author. |
| 245 10 - TITLE STATEMENT |
| Title |
Slapstick, or, Lonesome no more / |
| Statement of responsibility, etc. |
Kurt Vonnegut. |
| 246 30 - VARYING FORM OF TITLE |
| Title proper/short title |
Lonesome no more |
| 264 #1 - PRODUCTION, PUBLICATION, DISTRIBUTION, MANUFACTURE, AND COPYRIGHT NOTICE |
| Place of production, publication, distribution, manufacture |
London : |
| Name of producer, publisher, distributor, manufacturer |
Vintage, |
| Date of production, publication, distribution, manufacture, or copyright notice |
[2016?] |
| 264 #4 - PRODUCTION, PUBLICATION, DISTRIBUTION, MANUFACTURE, AND COPYRIGHT NOTICE |
| Date of production, publication, distribution, manufacture, or copyright notice |
©1976 |
| 300 ## - PHYSICAL DESCRIPTION |
| Extent |
170 pages ; |
| Dimensions |
18 cm. + |
| Accompanying material |
1 sheet of acetate. |
| 336 ## - CONTENT TYPE |
| Content type term |
text |
| Source |
rdacontent |
| 337 ## - MEDIA TYPE |
| Media type term |
unmediated |
| Source |
rdamedia |
| 338 ## - CARRIER TYPE |
| Carrier type term |
volume |
| Source |
rdacarrier |
| 500 ## - GENERAL NOTE |
| General note |
"First published in Great Britain in 1991 by Vintage Books"--Title page verso. |
| 500 ## - GENERAL NOTE |
| General note |
1 sheet of acetate, which animates cover art, attached to inside front cover. |
| 650 #0 - SUBJECT ADDED ENTRY--TOPICAL TERM |
| Topical term or geographic name entry element |
Dystopias |
| Form subdivision |
Fiction. |
| 650 #0 - SUBJECT ADDED ENTRY--TOPICAL TERM |
| Topical term or geographic name entry element |
Presidents |
| Geographic subdivision |
United States |
| Form subdivision |
Fiction. |
| 651 #0 - SUBJECT ADDED ENTRY--GEOGRAPHIC NAME |
| Geographic name |
Manhattan (New York, N.Y.) |
| Form subdivision |
Fiction. |
| 942 ## - ADDED ENTRY ELEMENTS (KOHA) |
| Source of classification or shelving scheme |
|
| Koha item type |
Books - Fiction |